[Event "Bad Woerishofen op 28th"]
[Site "Bad Woerishofen"]
[Date "2012.03.05"]
[Round "4"]
[White "Spanton, Timothy"]
[Black "Reichenbacher, Gerhard"]
[Result "1/2-1/2"]
[WhiteElo "1968"]
[BlackElo "1846"]
[PlyCount "43"]
[EventDate "2012.03.02"]
[EventType "swiss"]
[EventRounds "9"]
[EventCountry "GER"]
[SourceTitle "EXT 2019"]
[Source "ChessBase"]
[SourceDate "2018.10.10"]
[SourceVersion "1"]
[SourceVersionDate "2018.10.10"]
[SourceQuality "1"]

1. e4 c5 2. Nf3 g6 3. d4 cxd4 4. Nxd4 Nc6 5. c4 Nf6 6. Nc3 Bg7 7. Be3 Nxd4 8. Qxd4 Qa5 9. Be2 0-0 10. Qd2 d6 11. f3 Be6 12. Rc1 Rac8 13. b3 Nd7 14. Nd5 Qxd2+ 15. Kxd2 Bxd5 16. exd5 f5 17. f4 Nc5 18. Bd3 Nxd3 19. Kxd3 b6 20. Rce1 Rc7 21. Bd4 Bxd4 22. Kxd4 1/2-1/2

[Event "Bad Woerishofen op 28th"]
[Site "Bad Woerishofen"]
[Date "2012.03.02"]
[Round "1"]
[White "Neumann, Joachim"]
[Black "Reichenbacher, Gerhard"]
[Result "0-1"]
[WhiteElo "2141"]
[BlackElo "1846"]
[PlyCount "74"]
[EventDate "2012.03.02"]
[EventType "swiss"]
[EventRounds "9"]
[EventCountry "GER"]
[SourceTitle "EXT 2019"]
[Source "ChessBase"]
[SourceDate "2018.10.10"]
[SourceVersion "1"]
[SourceVersionDate "2018.10.10"]
[SourceQuality "1"]

1. d4 Nf6 2. c4 e6 3. g3 d5 4. Nf3 c5 5. Bg2 Be7 6. 0-0 dxc4 7. Qa4+ Bd7 8. Qxc4 b5 9. Qd3 c4 10. Qc2 Bc6 11. Bf4 Be4 12. Qc1 Nd5 13. Nc3 Nxc3 14. bxc3 Qd5 15. a4 b4 16. Ne1 Bxg2 17. Nxg2 b3 18. Rd1 g5 19. Bd2 Nd7 20. Qb1 f5 21. Ne3 Qc6 22. d5 exd5 23. Qxf5 Nf6 24. Qe5 Qd6 25. Qd4 Qe6 26. Be1 Kf7 27. Nxd5 Nxd5 28. Qxd5 Rhd8 29. Qf3+ Kg6 30. Rd4 Rxd4 31. cxd4 Rb8 32. Bc3 Rf8 33. Qe3 Qxe3 34. fxe3 Kf5 35. Rf1+ Ke4 36. Rxf8 Bxf8 37. Kf2 Ba3 0-1

[Event "Feffernitz Raika op 17th"]
[Site "Feffernitz"]
[Date "2008.08.17"]
[Round "2"]
[White "Buerger, Thomas"]
[Black "Reichenbacher, Gerhard"]
[Result "1/2-1/2"]
[WhiteElo "2147"]
[BlackElo "1899"]
[PlyCount "48"]
[EventDate "2008.08.17"]
[EventType "swiss"]
[EventRounds "9"]
[EventCountry "AUT"]
[SourceTitle "CBM 126 Extra"]
[Source "ChessBase"]
[SourceDate "2008.11.05"]
[SourceVersion "1"]
[SourceVersionDate "2008.11.05"]
[SourceQuality "1"]

1. Nc3 c5 2. e4 g6 3. Nf3 Nc6 4. d4 cxd4 5. Nxd4 Bg7 6. Be3 Nf6 7. f3 0-0 8. Qd2 d5 9. 0-0-0 dxe4 10. Nxc6 Qxd2+ 11. Rxd2 bxc6 12. Nxe4 Nd5 13. Bg5 f6 14. c4 fxg5 15. cxd5 cxd5 16. Rxd5 Be6 17. Ra5 Rfc8+ 18. Kb1 Rab8 19. b3 Rc7 20. Rc5 Rxc5 21. Nxc5 Bf5+ 22. Bd3 Bd4 23. Bxf5 Bxc5 24. Be6+ Kg7 1/2-1/2

[Event "Bayern-ch Seniors 19th"]
[Site "Schloss Schney"]
[Date "2007.06.14"]
[Round "3"]
[White "Reichenbacher, Gerhard"]
[Black "Ludwig, Ines"]
[Result "1-0"]
[WhiteElo "1686"]
[BlackElo "1522"]
[PlyCount "57"]
[EventDate "2007.06.12"]
[EventType "swiss"]
[EventRounds "9"]
[EventCountry "GER"]
[SourceTitle "EXT 2008"]
[Source "ChessBase"]
[SourceDate "2007.11.25"]
[SourceVersion "1"]
[SourceVersionDate "2007.11.25"]
[SourceQuality "1"]

1. Nf3 d5 2. d4 e6 3. c4 c6 4. Qc2 Bd6 5. Nc3 f5 6. Bg5 Nf6 7. e3 Nbd7 8. Be2 0-0 9. 0-0 Qe8 10. Rfe1 Ne4 11. Bf4 e5 12. dxe5 Nxe5 13. cxd5 Nxc3 14. Qxc3 Nxf3+ 15. Bxf3 Rf6 16. dxc6 Qe7 17. Bxd6 Rxd6 18. Qb3+ Be6 19. Qxb7 Qxb7 20. cxb7 Rb8 21. Red1 Rb6 22. Rd2 h6 23. Rad1 Kh7 24. Rd8 Rxd8 25. Rxd8 Rxb2 26. b8Q Rxb8 27. Rxb8 Bxa2 28. e4 fxe4 29. Bxe4+ 1-0

[Event "Bayern-ch Seniors 19th"]
[Site "Schloss Schney"]
[Date "2007.06.13"]
[Round "2"]
[White "Porkristl, Werner"]
[Black "Reichenbacher, Gerhard"]
[Result "1/2-1/2"]
[WhiteElo "1548"]
[BlackElo "1686"]
[PlyCount "130"]
[EventDate "2007.06.12"]
[EventType "swiss"]
[EventRounds "9"]
[EventCountry "GER"]
[SourceTitle "EXT 2008"]
[Source "ChessBase"]
[SourceDate "2007.11.25"]
[SourceVersion "1"]
[SourceVersionDate "2007.11.25"]
[SourceQuality "1"]

1. e4 c5 2. Nf3 g6 3. Nc3 Bg7 4. Ne2 Nf6 5. Ng3 d5 6. Bb5+ Bd7 7. Bxd7+ Qxd7 8. Qe2 Nc6 9. c3 0-0 10. d3 dxe4 11. dxe4 Rfd8 12. Be3 b6 13. 0-0 Qd3 14. Qd2 Qxd2 15. Bxd2 Rd3 16. Bf4 Rad8 17. h3 R8d7 18. Rfe1 Ne8 19. Re2 Rd1+ 20. Rxd1 Rxd1+ 21. Kh2 Rd7 22. e5 Nc7 23. Ne4 Ne6 24. Bg3 Rd5 25. Ned2 Bh6 26. a4 a6 27. Nc4 b5 28. axb5 axb5 29. Ne3 Rd7 30. Ng4 Bf4 31. Re4 Bxg3+ 32. Kxg3 Kg7 33. h4 c4 34. Re2 h5 35. Ne3 Nc5 36. Ng5 e6 37. Nc2 Ne7 38. Kh2 Nf5 39. g3 Nd3 40. Na3 Rd5 41. Nf3 Kf8 42. Kg2 Ke7 43. Nc2 Kd7 44. Ncd4 Nxd4 45. Nxd4 Rxe5 46. Rxe5 Nxe5 47. Nxb5 Nd3 48. Kf3 Nxb2 49. Ke4 Kc6 50. Nd4+ Kc5 51. f4 Nd1 52. Ne2 Nf2+ 53. Ke5 Ng4+ 54. Ke4 f5+ 55. Kf3 e5 56. fxe5 Nxe5+ 57. Kf4 Kd6 58. Kg5 Ke7 59. Nf4 Kf7 60. Nd5 Ke6 61. Nf4+ Kf7 62. Ne2 Nf3+ 63. Kf4 Nd2 64. Ke5 Ne4 65. Kd4 Nd2 1/2-1/2

[Event "Bayern-ch Seniors 18th"]
[Site "Schloss Schney"]
[Date "2006.07.02"]
[Round "8"]
[White "Reichenbacher, Gerhard"]
[Black "Narr, Irmgard"]
[Result "1/2-1/2"]
[WhiteElo "1716"]
[BlackElo "1513"]
[PlyCount "75"]
[EventDate "2006.06.25"]
[EventType "swiss"]
[EventRounds "9"]
[EventCountry "GER"]
[SourceTitle "EXT 2007"]
[Source "ChessBase"]
[SourceDate "2006.11.23"]
[SourceVersion "1"]
[SourceVersionDate "2006.11.23"]
[SourceQuality "1"]

1. Nf3 Nf6 2. c4 e6 3. Nc3 b6 4. g3 Bb7 5. Bg2 Be7 6. 0-0 0-0 7. d4 d6 8. Re1 Nbd7 9. e4 c5 10. Qe2 cxd4 11. Nxd4 Nc5 12. b4 Ncd7 13. f4 Rc8 14. f5 e5 15. Nb3 a6 16. Bb2 Nb8 17. Nd5 Nxd5 18. cxd5 Nd7 19. Rac1 Bg5 20. Rxc8 Qxc8 21. Bc1 Qd8 22. Be3 Bxe3+ 23. Qxe3 Nf6 24. Bf3 Bc8 25. Rc1 Bd7 26. Qc3 Bb5 27. Qc7 Bd3 28. Nd2 h6 29. Qxd8 Rxd8 30. Rc6 Bb5 31. Rc7 Ne8 32. Rc1 Nf6 33. Kf2 g6 34. g4 g5 35. h3 Ra8 36. Be2 Ba4 37. Ke3 Bd7 38. Nb3 1/2-1/2

[Event "Bayern-ch Seniors 17th"]
[Site "Schloss Schney"]
[Date "2005.06.16"]
[Round "7"]
[White "Reer, Erdmann"]
[Black "Reichenbacher, Gerhard"]
[Result "1-0"]
[WhiteElo "1934"]
[BlackElo "1802"]
[PlyCount "77"]
[EventDate "2005.06.10"]
[EventType "swiss"]
[EventRounds "9"]
[EventCountry "GER"]
[SourceTitle "EXT 2006"]
[Source "ChessBase"]
[SourceDate "2005.11.24"]
[SourceVersion "1"]
[SourceVersionDate "2005.11.24"]
[SourceQuality "1"]

1. e4 c5 2. Nc3 e6 3. g3 d5 4. exd5 exd5 5. Bg2 Nf6 6. Nf3 d4 7. Ne2 Bd6 8. 0-0 0-0 9. d3 Nc6 10. Bf4 Qc7 11. Qd2 Nd5 12. Bxd6 Qxd6 13. c3 dxc3 14. bxc3 Bg4 15. h3 Bh5 16. d4 Rad8 17. Qg5 Bg6 18. Rad1 c4 19. Rfe1 h6 20. Qd2 Rfe8 21. Nh4 Bh7 22. Bxd5 Qxd5 23. Nf4 Qd7 24. Nhg2 g5 25. Rxe8+ Rxe8 26. Nh5 Qf5 27. Re1 Rxe1+ 28. Qxe1 Bg6 29. g4 Qb1 30. Nf6+ Kh8 31. d5 Ne5 32. Qxb1 Bxb1 33. d6 Kg7 34. d7 Nc6 35. Nd5 Bxa2 36. Nb4 Nd8 37. Nxa2 Kf6 38. Ne3 b5 39. Nd5+ 1-0

[Event "Bayern-ch Seniors 17th"]
[Site "Schloss Schney"]
[Date "2005.06.10"]
[Round "1"]
[White "Straesser, Gerda"]
[Black "Reichenbacher, Gerhard"]
[Result "1/2-1/2"]
[WhiteElo "1533"]
[BlackElo "1802"]
[PlyCount "94"]
[EventDate "2005.06.10"]
[EventType "swiss"]
[EventRounds "9"]
[EventCountry "GER"]
[SourceTitle "EXT 2006"]
[Source "ChessBase"]
[SourceDate "2005.11.24"]
[SourceVersion "1"]
[SourceVersionDate "2005.11.24"]
[SourceQuality "1"]

1. e4 c6 2. d4 d5 3. Nd2 dxe4 4. Nxe4 Nd7 5. Bd3 Ngf6 6. Nf3 Nxe4 7. Bxe4 Nf6 8. Qd3 Nxe4 9. Qxe4 Qd5 10. Qxd5 cxd5 11. 0-0 Bf5 12. c3 e6 13. Re1 Be7 14. h3 0-0 15. Bf4 Rfe8 16. Rad1 Rac8 17. Ne5 h6 18. g4 Be4 19. f3 Bc2 20. Rd2 Bh4 21. Ree2 Ba4 22. Nd3 Bb5 23. Kg2 Bc4 24. a3 a5 25. Bg3 Bg5 26. f4 Be7 27. Re1 Bxd3 28. Rxd3 b5 29. Re2 b4 30. axb4 axb4 31. Be1 b3 32. f5 Bg5 33. fxe6 Rxe6 34. Rxe6 fxe6 35. Bd2 Bh4 36. Rf3 Ra8 37. Rf1 Ra2 38. Rb1 Kf7 39. Kf3 Ke7 40. Ke2 Kd7 41. Kd3 Ra8 42. Rf1 Bf6 43. Bf4 Ra2 44. Rb1 Kc6 45. Ke2 Kb5 46. Kd3 Ra8 47. Re1 Ra6 1/2-1/2

[Event "Jacques Lemans op 23rd"]
[Site "St Veit"]
[Date "2004.07.12"]
[Round "3"]
[White "Ukmar, Mitja"]
[Black "Reichenbacher, Gerhard"]
[Result "1-0"]
[WhiteElo "2237"]
[BlackElo "1894"]
[PlyCount "37"]
[EventDate "2004.07.10"]
[EventType "swiss"]
[EventRounds "9"]
[EventCountry "AUT"]
[SourceTitle "CBM 101 Extra"]
[Source "ChessBase"]
[SourceDate "2004.09.01"]
[SourceVersion "2"]
[SourceVersionDate "2004.09.01"]
[SourceQuality "1"]

1. e4 c5 2. Nf3 Nc6 3. d4 cxd4 4. Nxd4 Nf6 5. Nc3 d6 6. Bc4 e6 7. Bb3 a6 8. Be3 Qc7 9. Qe2 Na5 10. 0-0-0 b5 11. f3 Nc4 12. Ndxb5 axb5 13. Nxb5 Qa5 14. Qxc4 Rb8 15. Nxd6+ Bxd6 16. Rxd6 0-0 17. Rhd1 Bd7 18. Qc5 Rb5 19. Qa7 1-0

[Event "Jacques Lemans op 23rd"]
[Site "St Veit"]
[Date "2004.07.10"]
[Round "1"]
[White "Kaspret, Guido"]
[Black "Reichenbacher, Gerhard"]
[Result "1-0"]
[WhiteElo "2319"]
[BlackElo "1894"]
[PlyCount "55"]
[EventDate "2004.07.10"]
[EventType "swiss"]
[EventRounds "9"]
[EventCountry "AUT"]
[SourceTitle "CBM 101 Extra"]
[Source "ChessBase"]
[SourceDate "2004.09.01"]
[SourceVersion "2"]
[SourceVersionDate "2004.09.01"]
[SourceQuality "1"]

1. Nf3 f5 2. d4 d6 3. c4 Nc6 4. d5 Ne5 5. Nxe5 dxe5 6. Nc3 Nf6 7. g3 e6 8. Qa4+ Bd7 9. Qb3 Bc5 10. Bg2 0-0 11. 0-0 Kh8 12. Bg5 h6 13. Bxf6 Qxf6 14. Qxb7 Bb6 15. dxe6 Rab8 16. exd7 Rxb7 17. Bxb7 Bd4 18. Nb5 f4 19. e3 Bb6 20. Rad1 a6 21. c5 axb5 22. cxb6 cxb6 23. exf4 exf4 24. Rfe1 fxg3 25. fxg3 Rd8 26. Re8+ Kh7 27. Rxd8 Qxd8 28. b4 1-0

[Event "Bayern-ch Seniors 16th"]
[Site "Schloss Schney"]
[Date "2004.06.11"]
[Round "6"]
[White "Reichenbacher, Gerhard"]
[Black "Ganslmayer, Herbert"]
[Result "0-1"]
[WhiteElo "1756"]
[BlackElo "1852"]
[PlyCount "96"]
[EventDate "2004.06.06"]
[EventType "swiss"]
[EventRounds "9"]
[EventCountry "GER"]
[SourceTitle "EXT 2006"]
[Source "ChessBase"]
[SourceDate "2005.11.24"]
[SourceVersion "1"]
[SourceVersionDate "2005.11.24"]
[SourceQuality "1"]

1. Nf3 d5 2. d4 e6 3. c4 f5 4. Bf4 Nf6 5. e3 Bd6 6. Bxd6 cxd6 7. cxd5 Qa5+ 8. Nc3 Nxd5 9. Nd2 Nxc3 10. bxc3 0-0 11. Qb3 Qc7 12. Bd3 Rf6 13. 0-0 Kh8 14. e4 Nc6 15. exf5 exf5 16. Rfe1 Bd7 17. Rac1 Raf8 18. f4 Re6 19. d5 Rxe1+ 20. Rxe1 Na5 21. Qb4 Bc8 22. Nf3 b6 23. Nd4 Nb7 24. Nc6 Nd8 25. Ne7 Nf7 26. Nxc8 Qxc8 27. Re7 a5 28. Qd4 Kg8 29. Bb5 Qd8 30. Qe3 Qc8 31. Bc6 h6 32. Qxb6 Kh7 33. Qa7 Kg6 34. Re6+ Kh7 35. Qxa5 Nd8 36. Rxd6 Nxc6 37. Rxc6 Qb8 38. Qb4 Qa7+ 39. Qc5 Qb8 40. g3 Qb1+ 41. Kg2 Qc2+ 42. Kh3 Qe2 43. Qg1 Qg4+ 44. Kg2 Rb8 45. Qf2 Rb1 46. Re6 Qd1 47. Re2 Qxd5+ 48. Qf3 Rg1+ 0-1

[Event "Bayern-ch Seniors 15th"]
[Site "Schloss Schney"]
[Date "2003.06.18"]
[Round "6.16"]
[White "Reichenbacher, Gerhard"]
[Black "Scheuerlein, Gerhard"]
[Result "1-0"]
[WhiteElo "1824"]
[BlackElo "1645"]
[PlyCount "63"]
[EventDate "2003.06.13"]
[EventType "swiss"]
[EventRounds "9"]
[EventCountry "GER"]
[SourceTitle "EXT 2004"]
[Source "ChessBase"]
[SourceDate "2003.11.25"]
[SourceVersion "1"]
[SourceVersionDate "2003.11.25"]
[SourceQuality "1"]

1. Nf3 e6 2. c4 d5 3. d4 Nf6 4. Nc3 c6 5. Bg5 h6 6. Bh4 Nbd7 7. e3 Bb4 8. cxd5 exd5 9. Bd3 0-0 10. 0-0 Nb6 11. Ne5 Be6 12. f4 Be7 13. f5 Bc8 14. Qf3 c5 15. g4 cxd4 16. exd4 Nh7 17. Bg3 Ng5 18. Qg2 Nc4 19. Nxd5 Nb6 20. Nxe7+ Qxe7 21. Rae1 Qb4 22. h4 Nh7 23. g5 hxg5 24. hxg5 Nxg5 25. Bf2 f6 26. Ng6 Rd8 27. Qh1 Nd5 28. Qh8+ Kf7 29. Qxd8 Bxf5 30. Qxd5+ Kxg6 31. Qxf5+ Kh6 32. Qg6# 1-0